Modern painters / (Record no. 164202)

MARC details
000 -LEADER
campo de control de longitud fija 00951nam a22002055i 4500
001 - NÚMERO DE CONTROL
campo de control 164202
003 - IDENTIFICADOR DE NÚMERO DE CONTROL
campo de control ES-MaACL
005 - FECHA Y HORA DE LA ÚLTIMA TRANSACCIÓN
campo de control 20250815122200.0
008 - DATOS DE LONGITUD FIJA--INFORMACIÓN GENERAL
campo de control de longitud fija 050727s1898 sp af |||| | spa d
040 ## - FUENTE DE CATALOGACIÓN
Centro catalogador/agencia de origen CAM
Lengua de catalogación spa
Centro/agencia transcriptor CAM
100 0# - ENTRADA PRINCIPAL--NOMBRE DE PERSONA
Nombre de persona Ruskin, John,
Fechas asociadas al nombre 1819-1900
9 (RLIN) 101026
245 10 - MENCIÓN DEL TÍTULO
Título Modern painters /
Mención de responsabilidad, etc. by John Ruskin.
250 ## - MENCION DE EDICION
Mención de edición 2nd ed. in small form.
260 ## - PUBLICACIÓN, DISTRIBUCIÓN, ETC.
Lugar de publicación, distribución, etc. London :
Nombre del editor, distribuidor, etc. George Allen,
Fecha de publicación, distribución, etc. 1898 (
Fabricante printed by Ballantyne, Hanson & Co.)
300 ## - DESCRIPCIÓN FÍSICA
Extensión 5 v. :
Otras características físicas il. ;
Dimensiones 20 cm.
505 8# - NOTA DE CONTENIDO CON FORMATO
Nota de contenido con formato T. I. General principles and of truth (LXXII, 456 p.) -- T. II. The imaginative and theoretic faculties (XXVIII, 285 p.) -- T. III. Many things (XV, 365 p., 17 h. de lám.) -- T. IV. Mountain beauty (XII, 435 p., 50 h. de lám.) -- T. V. Leaf beauty, of cloud beauty, of ideas of relation (XVI, 392 p., 87 h. de lám.)
650 #7 - PUNTO DE ACCESO ADICIONAL DE MATERIA--TÉRMINO DE MATERIA
Término de materia o nombre geográfico como elemento de entrada Pintura
Fuente del encabezamiento o término embne
9 (RLIN) 16002
852 ## - LOCALIZACIÓN
Ubicación ES-MaACL
Número de control de estantería G-10932-36
Nota libre -- Enc. tela
Holdings
Estatus retirado Estado de pérdida Estado de daño No para préstamo Colección Biblioteca de origen Biblioteca actual Ubicación en estantería Fecha de adquisición Total de préstamos Signatura topográfica completa Código de barras Visto por última vez Precio de reemplazo Tipo de ítem Koha
        Libros del s. XIX Biblioteca del Ateneo de Madrid Biblioteca del Ateneo de Madrid Sala Pecera Planta 3 17/01/2008   G-10932-36 1172098 23/02/2023 23/02/2023 Libro impreso antiguo